[Event "5th Srefidensi Celebration 2017"]
[Site "Paramaribo"]
[Date "2017.11.22"]
[Round "2"]
[White "Gu, Xiaobing"]
[Black "Tiviakov, Sergei"]
[Result "0-1"]
[WhiteElo "2332"]
[BlackElo "2591"]
[Annotator "TA"]
[PlyCount "120"]
[EventDate "2017.??.??"]
[EventCountry "SUR"]
[SourceTitle "playchess.com"]
[Source "ChessBase"]
[SourceQuality "1"]

{[%evp 17,120,33,33,43,37,11,16,15,18,0,0,0,0,-12,-3,-2,0,0,0,-2,0,0,4,7,13,15,45,44,49,54,51,10,15,7,22,13,14,0,17,12,32,22,50,44,112,117,152,160,166,169,141,137,164,93,175,79,85,0,0,0,10,20,13,4,14,0,2,-81,-74,-83,-77,-83,-83,-83,-81,-88,0,-28,0,-77,-69,-261,-261,-243,-243,-4914,-4902,-2034,-1778,-1084,-363,-363,-355,-355,-355,-717,-694,-29988,-29989,-29989,-29979,-29978,-29980,-29994,-29995]} 1. e4 d5 2. exd5 Qxd5 3. Nc3 Qd6 4. d4 Nf6 5. Nf3 c6 6. g3 {B01: Scandinavian Defence} (6. Ne5 Nbd7 7. Nc4 Qc7 8. a4 Nd5 9. Bd3 g6 10. Qf3 N7f6 11. Nxd5 Nxd5 12. O-O Bg7 13. c3 O-O 14. Qg3 Qxg3 15. hxg3 {½-½ (28) Caruana,F (2808)-Carlsen,M (2857) Baku 2016}) 6... Bf5 7. Bg2 e6 8. O-O h6 9. Bf4 Qd8 {LiveBook: 9 Games} 10. Re1 Be7 11. Ne2 $146 ({Predecessor:} 11. Qd2 O-O 12. h3 Nbd7 13. g4 Bh7 {½-½ (52) Karpatchev,A (2501)-Colpe,M (2412) Lueneburg 2017}) 11... O-O 12. c4 Qb6 13. Qb3 Nbd7 14. Nc3 Rfe8 15. Rad1 Qxb3 16. axb3 Nb6 17. Re2 a5 18. Bc7 Ra6 19. Ra1 a4 20. Nd2 Na8 21. Be5 a3 22. bxa3 Rxa3 23. Rxa3 Bxa3 24. Bxf6 gxf6 25. d5 Rc8 26. dxc6 bxc6 27. Nde4 Be7 28. Ra2 {Black should prevent Ra6.} Nc7 29. Ra7 $36 {[%mdl 2048] White is pushing.} Kf8 30. Na4 Ne8 (30... Nd5 $14) 31. Nec5 $16 Bc2 32. Nb6 $1 Rd8 33. Nbd7+ Kg7 34. Bxc6 Rc8 35. Be4 (35. Ba4 $1 $18) 35... Bd1 (35... Rxc5 $16 36. Bxc2 Rc7 37. Rxc7 Nxc7) 36. b4 (36. Na6 $1 $18 {is more deadly.} Nd6 37. Bd3) 36... Be2 37. Ra2 (37. Bd3 $16 Bxc5 38. Nxc5 Bxd3 39. Nxd3) 37... Bxc4 $11 38. Rc2 Bxc5 39. bxc5 Bb5 40. Nb6 Rd8 {Strongly threatening ...Rd1+.} 41. h4 Nc7 42. Ra2 (42. g4 $11) 42... Rd1+ $17 43. Kh2 f5 $1 {[%cal Rf5e4]} 44. Ra7 fxe4 45. Rxc7 {[%mdl 4096] Endgame KRB-KRN} Rd2 $1 46. Kg1 Rd1+ (46... Kg6 $17) 47. Kh2 $1 $11 Rd2 48. Kg1 $1 Be2 49. c6 $2 ({White should play} 49. g4 $15) 49... Rd1+ $1 $19 50. Kh2 {[#]} Rf1 $1 {[%cal Rf1f2]} 51. Rd7 $2 (51. Ra7 Rxf2+ 52. Kg1) 51... Rxf2+ 52. Kg1 Rf1+ 53. Kg2 Rc1 $2 (53... e3 {( -> ...Bb5)} 54. Rd5 exd5 55. Nxd5 Rf2+ 56. Kg1 Rf3) 54. c7 {[#]} Ba6 $1 55. Kf2 Rc3 56. Rd4 $2 (56. Ke1 Rc6 57. Na8) 56... e3+ 57. Kf3 e2+ {Black mates.} 58. Kf2 {[#]} Rf3+ $1 {[%mdl 512]} 59. Kxf3 e1=Q 60. Rc4 Bb7+ {Precision: White = 41%, Black = 53%.} 0-1

[Event "5th Srefidensi Celebration 2017"]
[Site "Paramaribo"]
[Date "2017.11.22"]
[Round "2"]
[White "Husbands, Orlando"]
[Black "Enkhtuul, Altan-Ulzii"]
[Result "1-0"]
[WhiteElo "2327"]
[BlackElo "2356"]
[Annotator "TA"]
[PlyCount "87"]
[EventDate "2017.??.??"]
[EventCountry "SUR"]
[SourceTitle "playchess.com"]
[Source "ChessBase"]
[SourceQuality "1"]

{[%evp 20,87,63,44,106,110,90,85,81,64,82,65,87,57,93,88,98,100,202,195,196,188,254,252,245,246,305,200,180,193,204,142,166,136,210,216,216,218,188,177,213,218,247,240,233,237,247,268,337,284,273,49,288,289,291,270,284,281,239,247,5185,5173,2461,2211,1215,1206,29989,29988,29996,29997]} 1. e4 Nf6 2. e5 Nd5 3. d4 d6 4. Nf3 Bg4 5. Be2 e6 6. O-O Be7 7. c4 Nb6 8. Nc3 O-O 9. Be3 N8d7 10. exd6 cxd6 11. b3 {LiveBook: 39 Games} f5 {B05: Alekhine's Defence: 4 Nf3 Bg4} ({Black should try} 11... d5 $14) (11... Nf6 12. Rc1 Nbd7 13. Qd2 Rc8 14. Rfd1 a6 15. h3 Bh5 16. Bf4 Re8 17. Bh2 Bf8 18. a3 Qb6 19. Qb2 Qd8 {0-1 (68) Bok,B (2598)-Tomashevsky,E (2716) Doha 2016}) 12. h3 Bh5 13. Qd2 h6 {White is better.} 14. Rac1 $146 ({Predecessor:} 14. Rad1 Rc8 15. d5 e5 16. Nxe5 dxe5 17. Bxh5 Bb4 18. Qb2 Qe7 19. Be2 {1-0 (41) Oleksienko,M (2440)-Ryskal,V (2178) Alushta 2003}) 14... Nf6 15. Rfe1 Bf7 16. Red1 Nbd7 17. Qc2 Bg6 18. d5 Bh7 (18... e5 $16) 19. Bd3 $18 exd5 20. cxd5 Kh8 (20... Nc5 $142) 21. Bxf5 Bxf5 22. Qxf5 Nh7 23. Qe4 Ng5 24. Nxg5 Bxg5 25. Bxg5 Qxg5 26. Qg4 Qd8 {[#]} (26... Qxg4 $16 27. hxg4 Nf6) 27. Nb5 $1 {[%cal Bc3b5,Bb5d4,Bd4e6][%mdl 32] aiming for Rc7.} Ne5 28. Qg3 {And now Nc7 would win.} Rf7 29. Nd4 Qa5 30. Ne6 Qxa2 31. f4 Nd7 32. Qg6 Re7 33. Rc7 Qxb3 34. Rdc1 {Threatening mate with Rc8+.} Rg8 35. R1c4 $2 $40 {[%mdl 128] White is up to no good.} (35. Qf5 $18 {Threatens to win with Rc8.} Ree8 36. Qg6) 35... Qd1+ $2 (35... b5 $14 36. Rc1 Qe3+ 37. Kh2 Nf8) 36. Kh2 {Intending Rc8 and mate.} Qxd5 {[#]} 37. Ng5 $1 {[%csl Gg5][%cal Rg6h7][%mdl 512]} Nf8 (37... hxg5 38. Qh5#) 38. Nf7+ Rxf7 39. Qxf7 Ne6 $2 (39... Qxf7 40. Rxf7 Ne6 41. Rxb7 d5) 40. Rc8 Rxc8 41. Rxc8+ Kh7 42. Re8 Qe4 43. Rxe6 Qd3 44. f5 {Precision: White = 64%, Black = 27%.} 1-0

[Event "5th Srefidensi Celebration 2017"]
[Site "Paramaribo"]
[Date "2017.11.23"]
[Round "3"]
[White "Bruzon Batista, Lazaro"]
[Black "Husbands, Orlando"]
[Result "1-0"]
[WhiteElo "2661"]
[BlackElo "2327"]
[Annotator "TA"]
[PlyCount "101"]
[EventDate "2017.??.??"]
[EventCountry "SUR"]
[SourceTitle "playchess.com"]
[Source "ChessBase"]
[SourceQuality "1"]

{[%evp 20,101,21,9,50,42,53,53,70,27,47,44,34,24,34,36,103,70,207,97,91,74,61,39,47,83,81,84,71,71,133,83,135,79,79,60,152,61,151,51,129,137,180,186,186,158,245,243,238,237,286,251,221,247,344,322,381,385,394,386,385,361,356,357,346,327,393,389,391,380,447,436,454,444,540,558,545,527,549,569,564,541,1486,1420]} 1. d4 Nf6 2. c4 e6 3. Nc3 Bb4 4. Nf3 O-O 5. e3 d5 6. Bd3 c5 7. O-O dxc4 8. Bxc4 Nbd7 9. Qe2 a6 10. a3 Ba5 11. Bd3 {LiveBook: 26 Games} Qc7 $146 {E55: Nimzo-Indian: Rubinstein: Main Line: 7...dxc4 8 Bxc4 Nbd7} ({Predecessor:} 11... b5 12. b4 cxd4 13. exd4 Bc7 14. Ne4 Nd5 15. Nc5 N7f6 16. Ne5 Qd6 17. Bg5 Nc3 18. Qf3 Nfd5 19. Rac1 f6 {1-0 (42) Salem,A (2652)-Salomon,J (2487) Dubai 2017}) 12. Bd2 cxd4 13. exd4 b5 {White is slightly better.} 14. a4 (14. b4 $5 {[%cal Rb4a5]} Bb6 15. a4 $16) 14... b4 15. Ne4 Bb7 16. Rfc1 Qb6 17. Nc5 {And now Ne5 would win.} Bd5 (17... Rfc8 $14) 18. Ne5 Nxc5 (18... Qa7 $1 $14) 19. dxc5 (19. Rxc5 $18 {and the rest is easy. Threatens to win with Bg5.} Qd8 20. Be1 (20. Bxa6 Ne4 $14)) 19... Qa7 $16 20. Nc4 Bc7 21. Nd6 Qb8 22. Bxa6 Bxd6 23. cxd6 Qxd6 24. Bb5 Rfc8 (24... Rfb8 $142) 25. h3 Bb7 (25... h6 $142) 26. Be1 (26. a5 $142 $1) 26... Nd5 27. f3 Qf4 (27... Rc7 $14) 28. Qd2 (28. Rxc8+ $16 Rxc8 29. a5) 28... Qf6 ({Black should try} 28... Qd6 $14) 29. Bg3 (29. Rxc8+ $1 $16 Rxc8 30. a5) 29... h5 {[#]} ({Black should play} 29... Rd8 $14) 30. Rxc8+ $1 Rxc8 {[#]} 31. a5 $1 {[%cal Ba4a5,Ba5a6][%mdl 32]} h4 32. Bh2 b3 (32... Qd8 $16) 33. a6 $18 Ba8 {...Rc2 is the strong threat.} 34. Rc1 Qd8 35. Kh1 Rxc1+ 36. Qxc1 Kh7 37. a7 Qa5 38. Bd3+ g6 39. Bg1 {Black must now prevent Qc8.} Qc7 40. Qg5 Qg3 41. Qxg3 hxg3 {[%mdl 4096] Endgame KBB-KBN} 42. Bc4 Nf4 43. Be3 Nd5 44. Bd2 e5 45. Bxb3 {White is clearly winning.} f5 46. Kg1 e4 47. fxe4 fxe4 48. Be1 Nf4 49. Bxg3 Nd3 50. Kf1 e3 51. Bd1 {Precision: White = 54%, Black = 30%.} 1-0

[Event "5th Srefidensi Celebration 2017"]
[Site "Paramaribo"]
[Date "2017.11.23"]
[Round "3"]
[White "Tiviakov, Sergei"]
[Black "Lu, Shanglei"]
[Result "1/2-1/2"]
[WhiteElo "2591"]
[BlackElo "2640"]
[Annotator "TA"]
[PlyCount "81"]
[EventDate "2017.??.??"]
[EventCountry "SUR"]
[SourceTitle "playchess.com"]
[Source "ChessBase"]
[SourceQuality "1"]

{[%evp 15,81,28,29,21,34,29,35,26,45,38,31,23,37,38,41,36,47,42,51,33,62,53,107,96,150,149,158,106,165,168,186,185,188,184,179,102,110,123,141,148,142,23,46,43,35,9,9,4,5,0,0,0,0,0,0,0,0,0,0,0,0,0,0,0,0,0,0,0]} 1. e4 c5 2. Nc3 Nc6 3. Bb5 g6 4. Bxc6 bxc6 5. d3 Bg7 6. f4 Nf6 7. Nf3 d6 8. O-O O-O 9. Kh1 {B23: Closed Sicilian: Lines without g3} (9. Qe1 Nd7 10. Kh1 e5 11. f5 gxf5 12. Nh4 f4 13. g3 c4 14. Nf5 cxd3 15. gxf4 Nc5 16. Nxg7 Kxg7 17. b4 Nd7 18. cxd3 {½-½ (50) Rapport,R (2717)-Tan,Z (2496) Danzhou 2016}) 9... Bg4 10. Qe1 Bxf3 11. Rxf3 {White is slightly better.} Rb8 $146 ({Predecessor:} 11... e6 12. b3 Nd7 13. Bb2 Bd4 14. Na4 Nb6 15. Bxd4 cxd4 16. Qa5 c5 17. Qb5 Qe8 18. Qxe8 Rfxe8 19. Nxb6 axb6 20. a4 f5 21. Re1 Kf7 22. Kg1 d5 23. Rff1 Rad8 24. exd5 exd5 {½-½ (24) Sievers,S (2377)-Ernst,T (2450) Kemer 2007}) 12. b3 Nd7 13. f5 Ne5 14. Rf1 e6 15. Bd2 Kh8 16. Qg3 Qe7 17. Rf2 Rg8 {next ...gxf5 is good for Black.} 18. Qh3 gxf5 (18... h5 $14) 19. exf5 $16 Rb4 {[#]} (19... Nd7 $142) 20. g3 $1 Ng4 21. Rf3 (21. Re2 $142) 21... Ne5 (21... Bd4 $16 {might work better.}) 22. Rff1 $18 Ng4 23. Rae1 Be5 24. Ne4 Rb7 25. f6 ({White should try} 25. Kg2 $18) 25... Bxf6 $16 26. Rf4 Be5 27. Rxg4 Rxg4 28. Nxc5 (28. Qxg4 $16 f5 29. Qf3 fxe4 30. Rxe4 (30. Qxe4 Qf8 $14)) 28... Rg7 {[#] And now ...Rb8 would win.} 29. Nxb7 Qxb7 30. Qh4 {Rxe5! is the strong threat.} c5+ {The position is equal.} 31. Qe4 f5 32. Qxb7 Rxb7 33. Bf4 Bxf4 34. gxf4 $11 {[%mdl 4096] Endgame KR-KR} Re7 35. Kg2 Kg7 36. Kf3 Kf6 37. Rg1 Rg7 38. Rxg7 Kxg7 39. c3 e5 40. a3 a5 41. Ke3 {Precision: White = 54%, Black = 49%.} 1/2-1/2

[Event "5th Srefidensi Celebration 2017"]
[Site "Paramaribo"]
[Date "2017.11.23"]
[Round "3"]
[White "Enkhtuul, Altan-Ulzii"]
[Black "Gu, Xiaobing"]
[Result "0-1"]
[WhiteElo "2356"]
[BlackElo "2332"]
[Annotator "NA"]
[PlyCount "134"]
[EventDate "2017.??.??"]
[EventCountry "SUR"]
[SourceTitle "playchess.com"]
[Source "ChessBase"]
[SourceQuality "1"]
[TimeControl "5400+30"]

1. d4 Nf6 2. Nf3 g6 3. Bg5 Bg7 4. e3 d6 5. c3 O-O 6. Nbd2 b6 7. Bd3 c5 8. O-O Ba6 9. Qe2 Qc8 10. a4 Qb7 11. Rfe1 Bxd3 12. Qxd3 Re8 13. Bxf6 Bxf6 14. Ne4 Bg7 15. Ng3 cxd4 16. exd4 Nd7 17. h4 Nf6 18. Re2 Rac8 19. Rae1 Qd7 20. Qa6 Nd5 21. a5 b5 22. Ne4 Nc7 23. Qxa7 Ra8 24. Qb7 Reb8 25. Nc5 Qd8 26. Qc6 dxc5 27. Rxe7 Rc8 28. Rd7 Qf6 29. Qxc5 Bf8 30. Qb6 Ne8 31. Ne5 Qxh4 32. Qxb5 Nd6 33. Qd5 Qf6 34. Re3 Qe6 35. Qxe6 fxe6 36. Ng4 Ne8 37. Rxe6 Bg7 38. a6 g5 39. Kf1 h5 40. Ne5 Nf6 41. Rb7 g4 42. a7 Ne8 43. Nc6 Bf8 44. b4 Nd6 45. Rb8 Rxa7 46. Rxc8 Ra1+ 47. Ke2 Nxc8 48. b5 Ra2+ 49. Ke3 Nb6 50. Ne7+ Bxe7 51. Rxb6 Bh4 52. g3 Bg5+ 53. Ke4 Kf7 54. f4 Be7 55. Kf5 Rg2 56. Rc6 Rxg3 57. b6 Rg1 58. d5 Rd1 59. c4 g3 60. Rg6 h4 61. Rg4 Rb1 62. d6 Bxd6 63. b7 Be7 64. Ke4 Rxb7 65. f5 Rb3 66. c5 Rb4+ 67. Kf3 Rxg4 0-1

[Event "5th Srefidensi Celebration 2017"]
[Site "Paramaribo"]
[Date "2017.11.23"]
[Round "3"]
[White "Halfhide, Sebastian"]
[Black "Hanoeman, Suradj"]
[Result "1-0"]
[WhiteElo "2333"]
[BlackElo "2048"]
[Annotator "NA"]
[PlyCount "51"]
[EventDate "2017.??.??"]
[EventCountry "SUR"]
[SourceTitle "playchess.com"]
[Source "ChessBase"]
[SourceQuality "1"]
[TimeControl "5400+30"]

1. e4 c5 2. Nf3 e6 3. d4 cxd4 4. Nxd4 a6 5. Bd3 Nf6 6. O-O Qc7 7. Qe2 d6 8. c4 g6 9. b3 Bg7 10. Bb2 O-O 11. f4 (11. Nc3 $14 {keeps the upper hand.}) 11... Nc6 12. Nxc6 bxc6 13. e5 Nd7 14. exd6 Qxd6 15. Nc3 Nf6 16. Rad1 Bb7 $16 17. Na4 Qc7 18. Be5 Qa5 19. Qb2 Nh5 20. g4 Nxf4 21. Bxg7 Qg5 22. Rxf4 Qxf4 23. Bxf8 Qg5 24. Rf1 Qf4 25. Rd1 Qxg4+ 26. Kf2 1-0

[Event "5th Srefidensi Celebration 2017"]
[Site "Paramaribo"]
[Date "2017.11.23"]
[Round "3"]
[White "Harper, Ryan"]
[Black "Zavarce, Oscar Enrique"]
[Result "1-0"]
[WhiteElo "2201"]
[BlackElo "2391"]
[Annotator "NA"]
[PlyCount "81"]
[EventDate "2017.??.??"]
[EventCountry "SUR"]
[SourceTitle "playchess.com"]
[Source "ChessBase"]
[SourceQuality "1"]
[TimeControl "5400+30"]

1. e4 c5 2. Nf3 e6 3. d4 cxd4 4. Nxd4 a6 5. Bd3 Bc5 6. Nb3 Be7 7. c4 d6 8. Nc3 Nf6 9. O-O Nbd7 10. Be3 b6 11. f4 Bb7 12. Qe2 O-O 13. Rac1 Qc7 14. Nd2 Rfe8 15. b4 Rac8 16. Kh1 Qb8 17. a3 Qa8 $16 18. Bd4 g6 19. e5 Nh5 20. Be4 d5 21. cxd5 exd5 22. Bb1 Ng7 23. f5 Bg5 24. e6 fxe6 25. fxg6 e5 26. Be3 Bf6 27. Qg4 Re7 28. Bh6 e4 29. Nxd5 Bxd5 30. Rxc8+ Qxc8 31. Rxf6 e3 32. Rf7 Qc1+ 33. Nf1 hxg6 34. Bxg6 Ne5 35. Rxg7+ Rxg7 36. Bh7+ Kf7 37. Qxg7+ Ke6 38. Bg8+ Kd6 39. Qf6+ Kd7 40. Bxd5 Qd1 41. Qe6+ {Qb1} 1-0

[Event "5th Srefidensi Celebration 2017"]
[Site "Paramaribo"]
[Date "2017.11.23"]
[Round "3"]
[White "Sanches, Casanova Romario"]
[Black "Garcia Martinez, Silvino"]
[Result "1/2-1/2"]
[WhiteElo "2103"]
[BlackElo "2335"]
[Annotator "NA"]
[PlyCount "31"]
[EventDate "2017.??.??"]
[EventCountry "SUR"]
[SourceTitle "playchess.com"]
[Source "ChessBase"]
[SourceQuality "1"]
[TimeControl "5400+30"]

{[%evp 14,44,46,59,64,32767,32767,32767,32767,32767,32767,32767,32767,32767,32767,47,78,43,55,25,32767,32767,32767,32767,32767,15,43,55,70,-2,0,0,0]} 1. c4 Nf6 2. Nc3 c5 3. g3 d5 4. cxd5 Nxd5 5. Bg2 Nc7 6. d3 g6 {A34: Symmetrical English: 2 Nc3, lines with ...d5} (6... e5 7. Nf3 Nc6 8. Nd2 Be7 9. Nc4 f6 10. f4 exf4 11. Bxf4 O-O 12. Rc1 Be6 13. Ne3 Bf7 14. Nf5 Ne6 15. O-O Re8 16. Kh1 {½-½ (41) Dubov,D (2658)-Levin,E (2524) Sochi 2017}) 7. Be3 Ne6 {LiveBook: 8 Games} 8. Qd2 Bg7 9. Nf3 Nc6 10. Bh6 Bxh6 $146 ({Predecessor:} 10... O-O 11. h4 Bxh6 12. Qxh6 f6 13. Ne4 Ncd4 14. Rc1 Qa5+ 15. Qd2 Qxa2 16. Nxc5 Nxf3+ 17. Bxf3 {½-½ (38) Horton,J (2200)-Taylor,G (2325) Ottawa 1984}) 11. Qxh6 Ncd4 12. Nxd4 cxd4 13. Nd5 f6 14. O-O Kf7 15. Rac1 Qd6 16. Rc2 1/2-1/2

[Event "5th Srefidensi Celebration 2017"]
[Site "Paramaribo"]
[Date "2017.11.23"]
[Round "4"]
[White "Lu, Shanglei"]
[Black "Bruzon Batista, Lazaro"]
[Result "1/2-1/2"]
[WhiteElo "2640"]
[BlackElo "2661"]
[Annotator "TA"]
[PlyCount "29"]
[EventDate "2017.??.??"]
[EventCountry "SUR"]
[SourceTitle "playchess.com"]
[Source "ChessBase"]
[SourceQuality "1"]

{[%evp 19,21,6,11,0]} 1. e4 e5 2. Bc4 Nf6 3. d3 Nc6 4. Nf3 Bc5 5. O-O O-O 6. c3 a6 {C54: Giuoco Piano: 4 c3 Nf6, main lines with 5 d4 and 5 d3} 7. h3 h6 8. Re1 d6 9. Bb3 Re8 10. Nbd2 Be6 {LiveBook: 138 Games} 11. Nf1 {Predecessor:} Bxb3 $146 12. Qxb3 d5 13. Be3 Bf8 14. Rad1 Na5 15. Qc2 {0-1 (43) So,W (2812)-Carlsen,M (2832) Paris 2017} 1/2-1/2

[Event "5th Srefidensi Celebration 2017"]
[Site "Paramaribo"]
[Date "2017.11.24"]
[Round "4"]
[White "Garcia Martinez, Silvino"]
[Black "Enkhtuul, Altan-Ulzii"]
[Result "1-0"]
[WhiteElo "2335"]
[BlackElo "2356"]
[Annotator "TA"]
[PlyCount "163"]
[EventDate "2017.??.??"]
[EventCountry "SUR"]
[SourceTitle "playchess.com"]
[Source "ChessBase"]
[SourceQuality "1"]

{[%evp 20,163,8,1,11,10,30,31,68,63,70,32,61,72,85,72,81,47,75,76,77,83,83,68,86,75,90,77,134,82,121,94,99,108,124,125,116,114,241,228,470,460,437,384,390,384,385,384,389,379,389,383,388,386,383,378,403,400,401,400,398,389,395,395,390,390,424,406,447,450,9728,8742,9292,9740,9740,9740,8937,9060,8624,8821,8849,8695,7195,7190,6310,5208,4126,3577,12138,12156,5600,2918,11725,2556,5065,4134,12255,6409,8719,2717,1272,1186,12707,12112,10807,12704,12571,11704,11711,8719,29961,29962,29950,29949,29962,29966,12770,29957,29968,29970,29968,29966,29970,29971,29978,29979,29978,29975,29975,29976,29976,29977,29976,29977,29977,29977,29977,29977,29977,29978,29984,29985,29985,29986,29986,29987]} 1. e4 g6 2. d4 Bg7 3. Nf3 d6 4. c3 Nf6 5. Bd3 O-O 6. O-O c5 7. dxc5 dxc5 8. e5 {B07: Pirc-Ufimzew-Verteidigung} (8. Qe2 Nc6 9. h3 Qc7 10. Re1 Nd7 11. Bc2 b6 12. Nbd2 a6 13. a4 Bb7 14. Nc4 b5 15. Ne3 b4 16. Nd5 {1-0 (47) Karpov,A (2628)-Kempinski,R (2600) Germany 2016}) 8... Ng4 9. Bf4 Nc6 10. Re1 c4 11. Bxc4 {LiveBook: 5 Partien. Droht Sa3 und aus.} Ngxe5 12. Nxe5 Nxe5 $146 ({Vorgänger:} 12... Qxd1 13. Rxd1 Nxe5 14. Be2 Bf5 {½-½ (14) Kharlov,A (2425)-Nevostrujev,V (2300) Vladivostok 1990}) 13. Bd5 Nd7 14. Na3 e5 15. Be3 Nf6 16. Bb3 Qc7 17. Nb5 Qc6 18. a4 (18. Nxa7 Rxa7 19. Bxa7 b6) 18... b6 19. Qd6 Bb7 {[%csl Gb7][%cal Rc6g2] [#]} 20. Qxc6 Bxc6 21. Rad1 Bxb5 22. axb5 Rfd8 23. h3 Kf8 (23... Rac8 $142) 24. g4 ({Günstiger ist} 24. Ra1) 24... h6 25. f3 g5 26. Kg2 Ne8 27. Bd5 Rac8 28. c4 $36 {[%mdl 2048] Weiss ist am Drücker.} Nc7 (28... Bf6 $16 29. Bc6 Be7) 29. Bb7 $18 Ne6 $2 (29... Rxd1 {ist wohl besser.} 30. Rxd1 Rb8) 30. Bxc8 Rxc8 31. b3 Rc7 32. Rd5 Ke7 33. Red1 Bf6 34. Rc1 Ke8 35. Kf1 Bg7 36. b4 Rb7 37. Rcd1 Bf8 38. c5 bxc5 39. bxc5 {Und weiter mit c6 wäre nett.} Rxb5 40. c6 Rb8 41. Rxe5 Rc8 42. Rc1 Rc7 43. Bxa7 Ba3 44. Rc2 Rxa7 (44... Rc8 $142 45. Rd5 Be7) 45. c7 Ra8 46. Rxe6+ fxe6 47. c8=Q+ Rxc8 48. Rxc8+ {[%mdl 4096] Endspiel KT-KL} Kf7 49. Ke2 Bb2 50. Kd3 Be5 51. Ke4 Bg3 52. Ra8 Kf6 53. Ra7 Bb8 54. Rh7 Kg6 55. Rb7 Bg3 56. Kd3 (56. Kd4 $142 Bf4 57. Rb4) 56... Bf2 57. Rb2 Bg3 58. Kd4 Kf6 59. Re2 (59. Kc5 $142 Kg6 60. Re2) 59... Bd6 60. Kc4 Ba3 61. Kb5 Bc1 62. Kc6 Ke7 63. Re4 Bd2 64. Rd4 Bc3 65. Rd7+ Kf6 66. Rh7 Kg6 67. Re7 Kf6 68. Kd7 e5 {Weiß setzt Matt.} 69. Re6+ Kg7 70. Rc6 Bd2 71. Ke6 Bf4 72. Kf5 Bg3 73. Rc7+ Kf8 74. Rb7 Bf4 75. Kg6 Ke8 76. Kxh6 Kf8 77. Kg6 Ke8 78. Rf7 Bg3 79. Rf5 Bf4 {[#]} 80. Rxf4 $1 gxf4 (80... exf4 81. Kxg5) 81. Kf5 e4 82. Kxe4 {Precision: Weiß = 75%, Schwarz = 28%.} 1-0

[Event "5th Srefidensi Celebration 2017"]
[Site "Paramaribo"]
[Date "2017.11.24"]
[Round "4"]
[White "Halfhide, Sebastian"]
[Black "Tiviakov, Sergei"]
[Result "0-1"]
[WhiteElo "2333"]
[BlackElo "2591"]
[Annotator "TA"]
[PlyCount "74"]
[EventDate "2017.??.??"]
[EventCountry "SUR"]
[SourceTitle "playchess.com"]
[Source "ChessBase"]
[SourceQuality "1"]

{[%evp 18,74,7,0,0,3,14,0,16,6,18,0,0,0,-13,-20,0,-47,-47,-68,-27,-19,-24,-63,-58,-274,-214,-216,-214,-210,-211,-202,-204,-205,-193,-168,-167,-283,-268,-332,-339,-320,-322,-433,-430,-426,-404,-397,-411,-388,-373,-471,-454,-437,-422,-531,-520,-545,-525]} 1. e4 d5 2. exd5 Qxd5 3. Nc3 Qd6 4. d4 c6 5. Nf3 Bg4 6. Be2 {B01: Scandinavian Defence} (6. h3 Bxf3 7. Qxf3 Qxd4 8. Be3 Qd8 9. Bd3 Nf6 10. O-O-O Nbd7 11. Bc4 {½-½ (11) Mamedov,N (2597)-Rusev,K (2538) Albena 2017}) 6... Nf6 7. O-O Nbd7 8. Bg5 e6 9. Qd2 Qc7 10. Bf4 {LiveBook: 4 Games} Bd6 11. Bxd6 Qxd6 12. Qe3 Bxf3 13. Bxf3 O-O-O $146 ({Predecessor:} 13... O-O) 14. a4 h5 {[%cal Bh7h5,Bh5h4][%mdl 32]} 15. g3 h4 16. Rab1 a5 {[%cal Ba7a5,Ba5b4][%mdl 32]} 17. b4 axb4 18. Na2 hxg3 19. hxg3 e5 20. dxe5 Nxe5 {And now ...Nc4 would win.} 21. Bg2 $2 ({White should try} 21. Rfd1 $15 Nxf3+ 22. Qxf3) 21... Nfg4 22. Qf4 Nh2 {Hoping for ...Nef3+!} 23. Qf5+ Qe6 24. Qxe6+ fxe6 25. Rfd1 Rxd1+ 26. Rxd1 {[#]} c5 $1 27. f4 {[#]} (27. Nc1 {is a better defense.}) 27... Nef3+ $1 $19 28. Bxf3 Nxf3+ {[%mdl 4096] Endgame KRN-KRN} 29. Kg2 Nd4 30. Rd2 {[#] intending Nxb4!} Rh2+ $1 {[%mdl 512]} 31. Kxh2 Nf3+ 32. Kg2 Nxd2 33. Kf2 Kd7 34. Ke2 Nc4 {Black is clearly winning.} 35. Nc1 Kd6 36. Nb3 b6 37. Kd1 Nb2+ {Precision: White = 25%, Black = 66%.} 0-1

[Event "5th Srefidensi Celebration 2017"]
[Site "Paramaribo"]
[Date "2017.11.24"]
[Round "4"]
[White "Gu, Xiaobing"]
[Black "Husbands, Orlando"]
[Result "1/2-1/2"]
[WhiteElo "2332"]
[BlackElo "2327"]
[Annotator "TA"]
[PlyCount "100"]
[EventDate "2017.??.??"]
[EventCountry "SUR"]
[SourceTitle "playchess.com"]
[Source "ChessBase"]
[SourceQuality "1"]

{[%evp 18,100,58,57,55,57,57,50,58,32,57,57,86,89,80,0,0,0,0,0,0,0,0,0,0,5,8,0,0,0,0,0,0,0,0,0,2,0,0,0,0,0,0,-8,-8,-12,18,-12,-8,-7,0,0,0,0,0,0,0,0,0,0,0,0,0,0,0,-12,0,0,0,0,0,0,0,0,0,0,0,0,0,0,0,0,0,0,0]} 1. e4 c5 2. Nc3 Nc6 3. Bb5 Nd4 4. Bc4 e6 5. Nf3 Nf6 6. d3 {B30: Sicilian: 2...Nc6 3 Bb5, lines without ...g6} (6. O-O a6 7. Bb3 d6 8. d3 Nxb3 9. axb3 Be7 10. d4 cxd4 11. Qxd4 O-O 12. Rd1 e5 13. Qd3 h6 14. Nd2 b5 {½-½ (58) Inarkiev,E (2730)-Gelfand,B (2734) Magas 2016}) 6... a6 7. Nxd4 cxd4 8. Ne2 d5 9. exd5 exd5 10. Bb3 {LiveBook: 3 Games} Bc5 11. O-O O-O 12. Bg5 Be6 13. Nf4 Qd6 $146 ({Predecessor:} 13... Bd6) 14. Qf3 {Threatens to win with Bxf6.} Ng4 15. Rae1 ({Reject} 15. Bxd5 $6 Bxd5 16. Qxg4 (16. Qxd5 $2 h6 $19) 16... Bc6 $11) 15... h6 {[#]} 16. Rxe6 (16. Bh4 $1 $16) 16... Nxh2 $1 $11 {The position is equal.} 17. Kxh2 fxe6 18. Bxh6 $1 gxh6 19. Qg3+ Kh8 {[%cal Bg8h8,Bh8h7,Bh7g6][%mdl 32]} 20. Ng6+ Kh7 21. Nxf8+ Rxf8 22. Qxd6 Bxd6+ {[%mdl 4096] Endgame KRB-KRB} 23. g3 Bb4 24. Kg2 Kg6 25. Rh1 h5 26. Rh4 Be7 27. Rh1 Bb4 28. a3 Ba5 29. Rh4 Bb6 30. Ba4 Bd8 31. Rh1 {Black should prevent Bd7.} Bf6 32. f4 b5 33. Bb3 Rc8 34. Kf3 Rc7 35. Rh2 a5 36. a4 b4 37. Re2 Kf5 38. Rh2 Kg6 39. g4 hxg4+ 40. Kxg4 Rg7 41. Kf3 Kf7 42. f5 Rg5 43. fxe6+ Kxe6 44. Rh7 Rg7 45. Rh6 Rg1 46. Rh5 Rg5 47. Rh6 Rg1 48. Rh7 Rg7 49. Rh1 Rg5 50. Rh7 Ke5 {Precision: White = 67%, Black = 78%.} 1/2-1/2